000
00149 a2200085 4500
041
_a
spa
100
_a
Anonimo
245
_a
Los Carlitos 2
942
_c
BK
999
_c
15811
_d
15811